LEADER 05022nam 22006371c 450 001 9910461326903321 005 20200115203623.0 010 $a0-567-66065-6 010 $a1-283-20083-X 010 $a9786613200839 010 $a0-567-57788-0 024 7 $a10.5040/9780567660657 035 $a(CKB)2670000000106859 035 $a(EBL)742868 035 $a(OCoLC)741690826 035 $a(SSID)ssj0000522999 035 $a(PQKBManifestationID)11366837 035 $a(PQKBTitleCode)TC0000522999 035 $a(PQKBWorkID)10538939 035 $a(PQKB)10531257 035 $a(MiAaPQ)EBC742868 035 $a(Au-PeEL)EBL742868 035 $a(CaPaEBR)ebr10489929 035 $a(CaONFJC)MIL320083 035 $a(OCoLC)893335748 035 $a(OCoLC)1138536512 035 $a(UtOrBLW)bpp09257974 035 $a(EXLCZ)992670000000106859 100 $a20150227d2006 uy 0 101 0 $aeng 135 $aur|n|---||||| 181 $ctxt 182 $cc 183 $acr 200 10$aGravity of sin $eAugustine, Luther, and Barth on homo incurvatus in se $fby Matt Jenson 210 1$aLondon $aNew York $cT & T Clark $d2006. 215 $a1 online resource (225 p.) 300 $aDescription based upon print version of record. 311 $a0-567-03137-3 311 $a0-567-03138-1 320 $aIncludes bibliographical references (pages [193]-202) 327 $aIntroduction -- Augustine's inward turn: an ambiguous beginning -- Luther's radical and religious incurvature -- (How) do women sin? : Daphne Hampson and the feminist critique of Luther -- Broadening the range of the metaphor : Barth's threefold description of sin -- Coda 327 $aIntroduction -- 1. Augustine's inward turn: An ambiguous beginning -- Love makes the city -- The goodness of the garden -- Participation and relationality -- Civic foundations -- What happened? The beginning of sin -- Falsehood -- Pride -- Isolation -- Falling into slavery -- The call to humility -- Augustine's ambiguous inwardness in The Trinity -- A conclusion --   -- 2. Luther's radical and religious invurvature -- Setting the task -- Simus iustus et peccator -- Fuel to the fire: The persistence of the fomes -- Copernicux Redux -- The logic of person and works -- Totus homo? The postures of death and spirit -- Incurvatus in se as ignorance: The critique of natural understanding -- Using, enjoying: Incurvatus in se as egoism -- Homo religiosus as Homo incurvatus in se -- The violation of vocation: Transgressing the limits of calling -- Conclusion: Augustine versus Luther? --   -- 3. (How) Do women sin? Daphne Hampson and the Feminist critique of Luther -- Introduction -- Hampson's critique of Luther on sin, incurvatus in se and the self -- Hampson's alternative -- Transition: Key questions -- Problems with a gendered approach to sin -- Hampson's account of sin per se and the controlling factor of continuity -- On the explanatory sufficiency of incurvatus in se --   -- 4. Broadening the range of the metaphor: Barth's threefold description of sin -- Introduction -- A brief apology for paradigms -- Sin Christologically defined -- Humanity through a Christological lens: A closer look -- Sin as pride -- Sin as falsehood -- Sin as sloth -- Hampson and Barth: A tale of two sloths -- Conclusion --   -- Coda -- Select Bibliography -- 330 8 $aMatt Jenson argues that the image of being 'curved in on oneself' is the best paradigm for understanding sin relationally, that it has sufficient explanatory breadth and depth to be of service to contemporary Christian theology. He looks to Augustine as the Christian source for this image in his various references to humanity's turn to itself, though the threads of a relational account of sin are not drawn together with any systematic consequence until Martin Luther's description of 'homo incurvatus in se' in his commentary on Romans. Luther radicalizes Augustine's conception by applying this relational view of sin to the totus homo and by emphasizing its appearance, above all, in homo religiosus. The Western tradition of sin understood paradigmatically as pride has been recently called into question by feminist theologians. Daphne Hampson's critique of Luther on this front is considered and critiqued. Though she is right to call attention to the insufficiency of his and Augustine's myopic focus on pride, the question remains whether 'incurvatus in se' can operate paradigmatically as an umbrella concept covering a far wider range of sins. Karl Barth's extension of 'incurvatus in se' to apply more broadly to pride, sloth and falsehood suggests that incurvature can do just that. 606 $aSin$xChristianity 606 $2Christian theology 615 0$aSin$xChristianity. 676 $a241/.3 700 $aJenson$b Matt$f1976-$0897881 801 0$bUtOrBLW 801 1$bUtOrBLW 801 2$bUkLoBP 906 $aBOOK 912 $a9910461326903321 996 $aGravity of sin$92006040 997 $aUNINA LEADER 03668nam 22004572 450 001 996201144903316 005 20221026010429.0 010 $a1-139-00188-4 035 $a(CKB)1000000000820066 035 $a(SSID)ssj0000371826 035 $a(PQKBManifestationID)11264065 035 $a(PQKBTitleCode)TC0000371826 035 $a(PQKBWorkID)10412705 035 $a(PQKB)11780627 035 $a(UkCbUP)CR9781139001885 035 $a(PPN)142349178 035 $a(EXLCZ)991000000000820066 100 $a20110114d2008|||| uy| 0 101 0 $aeng 135 $aur||||||||||| 181 $ctxt$2rdacontent 182 $cc$2rdamedia 183 $acr$2rdacarrier 200 04$aThe Cambridge companion to the Jesuits /$fedited by Thomas Worcester 210 1$aCambridge :$cCambridge University Press,$d2008. 215 $a1 online resource (xii, 361 pages) $cdigital, PDF file(s) 225 1 $aCambridge companions to religion 300 $aTitle from publisher's bibliographic system (viewed on 09 Nov 2015). 311 0 $a0-521-67396-8 311 0 $a0-521-85731-7 327 $aIntroduction / Thomas Worcester -- Part I. Ignatius of Loyola: -- 1. The religious milieu of the young Ignatius / Lu Ann Homza -- 2. Five personae of Ignatius of Loyola / J. Carlos Coupeau -- 3. The Spiritual Exercises / Philip Endean -- Part II. European Foundations of the Jesuits: -- 4. Jesuit Rome and Italy / Paul V. Murphy -- 5. The Society of Jesus in the Three Kingdoms / Thomas M. McCoog -- 6. Jesuit dependence on the French monarchy / Thomas Worcester -- 7: Women Jesuits? / Gemma Simmonds -- 8. Jesuits in Poland and eastern Europe / Stanislaw Obirek -- Part III. Geographic and Ethnic Frontiers: -- 9. The Jesuit enterprise in sixteenth- and seventeenth-century Japan / M. Antoni J. U?c?erler -- 10. Jesuits in China / Nicolas Standaert -- 11. The Jesuits in New France / Jacques Monet -- 12. Racial and ethnic minorities in the Society of Jesus / Thomas M. Cohen -- Part IV. Arts and Sciences: -- 13. Jesuit architecture in colonial Latin America / Gauvin Alexander Bailey -- 14. The Jesuits and the quiet side of the scientific revolution / Louis Caruana -- Part V. Jesuits in the Modern World: -- 15. The suppression and restoration / Jonathan Wright -- 16. Jesuit schools in the USA, 1814-c. 1970 / Gerald McKevitt -- 17. Jesuit theological discourse since Vatican II / Mary Ann Hinsdale -- 18. Jesuits today / Thomas Worcester. 330 $aIgnatius of Loyola (1491-1556) obtained papal approval in 1540 for a new international religious order called the Society of Jesus. Until the mid-1700s the 'Jesuits' were active in many parts of Europe and far beyond. Gaining both friends and enemies in response to their work as teachers, scholars, writers, preachers, missionaries and spiritual directors, the Jesuits were formally suppressed by Pope Clement XIV in 1773 and restored by Pope Pius VII in 1814. The Society of Jesus then grew until the 1960s; it has more recently experienced declining membership in Europe and North America, but expansion in other parts of the world. This Companion examines the religious and cultural significance of the Jesuits. The first four sections treat the period prior to the Suppression, while section five examines the Suppression and some of the challenges and opportunities of the restored Society of Jesus up to the present. 410 0$aCambridge companions to religion. 676 $a271/.53 702 $aWorcester$b Thomas 801 0$bUkCbUP 801 1$bUkCbUP 906 $aBOOK 912 $a996201144903316 996 $aThe Cambridge companion to the Jesuits$92547556 997 $aUNISA LEADER 00926nam a2200253 a 4500 001 991001027669707536 008 910117s1990 gw 000 1 ger d 020 $a3100970802 020 $a3100970861 (Kassette) 035 $ab13309225-39ule_inst 040 $aDip.to Lingue$bita 100 1 $aZweig, Stefan$0327585 245 10$aClarissa :$bein Romanentwurf /$cStefan Zweig ; aus dem Nachlass herausgegeben und bearbeitet von Knut Beck 250 $a2. Aufl. 260 $aFrankfurt am Main :$bS. Fischer Verlag,$cc1990 300 $a212 p. ;$c19 cm. 440 $aGesammelte Werke in Einzelbänden 700 10$aBeck, Knut 907 $a.b13309225$b02-04-14$c16-05-05 912 $a991001027669707536 945 $aLE012 838.91 ZWE 20$g1$i2012000100725$lle012$o-$pE0.00$q-$rl$s- $t0$u0$v0$w0$x0$y.i14069040$z16-05-05 996 $aClarissa$9173966 997 $aUNISALENTO 998 $ale012$b16-05-05$cm$da $e-$fger$ggw $h0$i0